Statistics for All Major Indo-Aryan Languages (with a map)

Click here to take the quiz!

General Stats

  • This quiz has been taken 6,719 times
  • The average score is 11 of 39

Answers on the Map

Answers color-coded by a green-red scale on the quiz's map according to % correct below.
 

Answer Stats

SubdivisionDialectL1Language
or Dialect
% Correct
Central Zone-250 mHindustani
99%
Eastern Zone-230 mBengali
93%
Northern Zone-16 mNepali
80%
Northwestern Zone-125 mPunjabi
79%
Western Zone-56 mGujarati
71%
Southern Zone-83 mMarathi
60%
Dardic-7.0 mKashmiri
54%
Southern Zone-17 mSinhala
54%
Southern Zone-340 kDhivehi
49%
Eastern Zone-14 mAssamese
47%
Northwestern Zone-25 mSindhi
46%
Eastern Zone-35 mOdia
35%
Western ZoneHindi50 m Rajasthani
30%
Eastern ZoneHindi51 mBhojpuri
22%
Southern Zone-2.3 mKonkani
21%
Eastern Zone-33 mMaithili
21%
Northern Zone-5.0 mDogri (Pahari)
15%
Central ZoneHindi18 mChhattisgarhi
14%
Central ZoneHindi4.3 mAwadhi
11%
Eastern ZoneBengali13 m Chittagonian
11%
Central ZoneHindi8.0 mHaryanvi
11%
Eastern ZoneBengali10 m Sylheti
10%
Western Zone-3.2 mBhili
9%
Eastern ZoneHindi20 mMagahi
9%
NorthwesternPunjabi20 mSaraiki
9%
Dardic-400 kPashayi
8%
Dardic-644 kShina
8%
Central ZoneHindi1.6 mBraj Bhasha
7%
Central ZoneHindi5.6 mBundeli
7%
Northern ZoneHindi2.5 mGarhwali
7%
Eastern Zone-766 kHalbi
7%
Dardic-200 kKohistani
7%
Central ZoneHindi2.6 mBagheli
6%
Northwestern ZonePunjabi5.0 m Hindko
6%
Western Zone-1.8 mKhandeshi
6%
Dardic-290 kKhowar
6%
Northern ZoneHindi2.0 mKumaoni
6%
Eastern ZoneBengali15 mRangpuri
6%
Eastern Zone-1.9 mTharu
5%

Score Distribution

Percentile by Number Answered

Percent of People with Each Score

Your Score History

You have not taken this quiz